| 000 | 00512nam a2200121Ia 4500 | ||
|---|---|---|---|
| 008 | 220615s9999||||xx |||||||||||||| ||und|| | ||
| 100 | _aLöffler, Andreas||Kruschwitz, Lutz | ||
| 245 | 4 |
_aThe Brownian Motion _bA Rigorous but Gentle Introduction for Economists |
|
| 546 | _aEnglish[eng] | ||
| 650 | _aFinance||Finance||Economic theory||Business enterprises—Finance||Economics, Mathematical ||Statistics | ||
| 856 | _uhttps://library.oapen.org/bitstream/20.500.12657/23075/1/1007083.pdf | ||
| 942 | _cEB | ||
| 999 |
_c8301 _d8301 |
||